000 00465nam a22001697a 4500
003 GBCCL
005 20251202143846.0
008 180702b ||||| |||| 00| 0 eng d
020 _a1885427999
040 _cgbc
082 _a225.5208
_bBIB
245 _aNew Testament:
_bEasy-to-read version, Translated from the Greek text
260 _aBangalore :
_bWBTC India,
_c2000
300 _a355p. ;
650 _aBible
_vNew Testament
_xEnglish
_912305
942 _2ddc
_cREF
999 _c6888
_d6888